Are we hardwired? (Record no. 1100)

MARC details
000 -LEADER
fixed length control field 01216nam a22002774a 4500
001 - CONTROL NUMBER
control field BD-DhSAU 1100
003 - CONTROL NUMBER IDENTIFIER
control field BD-DhSAU
005 - DATE AND TIME OF LATEST TRANSACTION
control field 20161107075055.0
008 - FIXED-LENGTH DATA ELEMENTS--GENERAL INFORMATION
fixed length control field 991019s2000 enka ob 001 0 eng
020 ## - INTERNATIONAL STANDARD BOOK NUMBER
International Standard Book Number 0195138260 (acidfree paper)
040 ## - CATALOGING SOURCE
Original cataloging agency BD-DhSAU
082 00 - DEWEY DECIMAL CLASSIFICATION NUMBER
Classification number 155.7
Edition number 21
Item number Online access
100 1# - MAIN ENTRY--PERSONAL NAME
Personal name Clark, William R.,
Dates associated with a name 1938-
245 10 - TITLE STATEMENT
Title Are we hardwired?
Medium [online resource] :
Remainder of title the role of genes in human behavior /
Statement of responsibility, etc. William R. Clark, Michael Grunstein.
260 ## - PUBLICATION, DISTRIBUTION, ETC. (IMPRINT)
Place of publication, distribution, etc. Oxford ;
-- New York :
Name of publisher, distributor, etc. Oxford University Press,
Date of publication, distribution, etc. 2000.
300 ## - PHYSICAL DESCRIPTION
Extent ix, 322 p. :
Other physical details ill. ;
Dimensions 25 cm.
500 ## - GENERAL NOTE
General note Oxford scholarship online biology
504 ## - BIBLIOGRAPHY, ETC. NOTE
Bibliography, etc Includes bibliographical references (p. [295]-312) and index.
590 ## - Name of Cataloguer
Name of Cataloger Anwar
650 #0 - SUBJECT ADDED ENTRY--TOPICAL TERM
Topical term or geographic name as entry element Behavior genetics.
700 1# - ADDED ENTRY--PERSONAL NAME
Personal name Grunstein, Michael.
856 42 - ELECTRONIC LOCATION AND ACCESS
Uniform Resource Identifier <a href="http://www.oxfordscholarship.com/view/10.1093/acprof:oso/9780195178005.001.0001/acprof-9780195178005?rskey=Oo7eLK&result=8">http://www.oxfordscholarship.com/view/10.1093/acprof:oso/9780195178005.001.0001/acprof-9780195178005?rskey=Oo7eLK&result=8</a>
856 42 - ELECTRONIC LOCATION AND ACCESS
Uniform Resource Identifier <a href="http://doi.org/10.1093/acprof:oso/9780195178005.001.0001">http://doi.org/10.1093/acprof:oso/9780195178005.001.0001</a>
856 42 - ELECTRONIC LOCATION AND ACCESS
Uniform Resource Identifier <a href="http://www.loc.gov/catdir/enhancements/fy0723/99054699-b.html">http://www.loc.gov/catdir/enhancements/fy0723/99054699-b.html</a>
942 ## - ADDED ENTRY ELEMENTS (KOHA)
Source of classification or shelving scheme Dewey Decimal Classification
Koha item type Online book

No items available.